Name the BTD6 upgrade! - Statistics

General Stats
  • This quiz has been taken 69 times
  • The average score is 18 of 24
Answer Stats
Hint Answer % Correct
xx5 Tack Shooter The Tack Zone
95%
xx5 Sniper Monkey Elite Defender
91%
x5x Dartling Gunner M.A.D
89%
4xx Dart Monkey Juggernaut
88%
x5x Ice Monkey Absolute Zero
86%
xx5 Ninja Monkey Master Bomber
84%
5xx Heli Pilot Apache Prime
80%
x5x Boomerang Monkey Perma Charge
80%
xx5 Druid Avatar of Wrath
79%
5xx Mortar Monkey The Biggest One
79%
x5x Monkey Sub Pre-Emptive Strike
75%
4xx Engineer Monkey Sentry Expert
75%
3xx Dartling Gunner Laser Cannon
73%
x5x Banana Farm Monkey-Nomics
73%
x4x Monkey Village Call to Arms
71%
x4x Monkey Ace Ground Zero
71%
xx4 Mortar Monkey Shattering Shells
71%
xx4 Monkey Buccaneer Favoured Trades
70%
xx4 Bomb Shooter Recursive Cluster
70%
3xx Glue Gunner Bloon Dissolver
66%
4xx Wizard Monkey Arcane Spike
61%
xx4 Spike Factory Deadly Spikes
59%
x3x Ninja Monkey Shinobi Tactics
59%
x4x Mermonkey Arctic Knight
45%
No matching quizzes found
Score Distribution
Percent of People with Each Score
Percentile by Number Answered
Your Score History
You have not taken this quiz